Countries With Peace Corps Volunteers - Statistics

General Stats
  • This quiz has been taken 46 times
    6 since last reset
  • The average score is 48 of 62
Answer Stats
Country % Correct
Armenia
100%
Belize
100%
Botswana
100%
Cambodia
100%
Colombia
100%
Costa Rica
100%
Dominican Republic
100%
Ecuador
100%
El Salvador
100%
Guatemala
100%
Indonesia
100%
Kosovo
100%
Lesotho
100%
Moldova
100%
Morocco
100%
Namibia
100%
Panama
100%
Peru
100%
Philippines
100%
Albania
80%
Benin
80%
Dominica
80%
East Timor
80%
Eswatini
80%
Fiji
80%
Georgia
80%
Ghana
80%
Grenada
80%
Guyana
80%
Jamaica
80%
Mexico
80%
Mongolia
80%
Montenegro
80%
Nepal
80%
North Macedonia
80%
Palau
80%
South Africa
80%
Sri Lanka
80%
St. Lucia
80%
St. Vincent and the Grenadines
80%
Thailand
80%
Vietnam
80%
Cameroon
60%
Guinea
60%
Kenya
60%
Kyrgyzstan
60%
Liberia
60%
Madagascar
60%
Paraguay
60%
Rwanda
60%
Samoa
60%
Senegal
60%
The Gambia
60%
Togo
60%
Tonga
60%
Ukraine
60%
Malawi
40%
Tanzania
40%
Uganda
40%
Vanuatu
40%
Zambia
40%
Sierra Leone
20%
No matching quizzes found
Score Distribution
Percent of People with Each Score
Percentile by Number Answered
Your Score History
You have not taken this quiz since the last reset